Capital social y reducción de la pobreza en América Latina y el Caribe : en busca de un nuevo paradigma /
Na minha lista:
| Autores corporativos: | , |
|---|---|
| Outros Autores: | |
| Formato: | Procedimiento de la conferencia Livro |
| Idioma: | espanhol |
| Publicado em: |
Santiago, Chile : East Lansing, EUA :
Comisión Económica para América Latina y el Caribe ; Michigan State University,
2003, c2003
|
| Colecção: | (Libros de la CEPAL ;
71) |
| Assuntos: | |
| Tags: |
Sem tags, seja o primeiro a adicionar uma tag!
|
MARC
| LEADER | 00000nam^a2200000^a^4500 | ||
|---|---|---|---|
| 001 | 000161055 | ||
| 005 | 20250521000000.0 | ||
| 009 | 20260310100744.982 | ||
| 020 | |a 92-1-322101-0 | ||
| 037 | |a Acervo ITESO - Biblioteca | ||
| 041 | |a ESP | ||
| 082 | |a 330. 980041 |b CON 2001 | ||
| 111 | |a Conferencia Internacional En Busca de un Nuevo Paradigma: Capital Social y Reducción de la Pobreza en America Latina y el Caribe ( |d 2001 : |c Santiago, Chile) | ||
| 245 | 1 | 0 | |a Capital social y reducción de la pobreza en América Latina y el Caribe : |b en busca de un nuevo paradigma / |c Coord. de Raul Atria... [et al.]. |
| 264 | 4 | |a Santiago, Chile : |b Comisión Económica para América Latina y el Caribe ; |a East Lansing, EUA : |b Michigan State University, |c 2003, c2003 | |
| 300 | |a 590 p. | ||
| 336 | |a texto |b txt |2 rdacontenido | ||
| 337 | |a sin mediación |b n |2 rdamedio | ||
| 338 | |a volumen |b nc |2 rdasoporte | ||
| 440 | 1 | |a (Libros de la CEPAL ; |v 71) | |
| 649 | |a XX | ||
| 650 | |a Capital Social (Ciencias Sociales) - |z Latinoamérica - |x Congresos | ||
| 650 | |a Pobreza - |z Latinoamérica - |x Congresos | ||
| 650 | |a Igualdad y Desigualdad - |z Latinoamérica | ||
| 650 | |a Problemas Sociales - |z Latinoamérica | ||
| 650 | |a Desarrollo Económico-Social - |z Latinoamérica | ||
| 650 | |a Política Social - |z Latinoamérica | ||
| 650 | |a Sociología de la Economía - |z Latinoamérica | ||
| 650 | |a Economía del Bienestar - |z Latinoamérica | ||
| 650 | |a Economía - |z Latinoamérica - |x Historia - |y Siglo XXI | ||
| 650 | |a Economía - |z Latinoamérica - |x Congresos | ||
| 710 | |a Comisión Económica para América Latina y el Caribe | ||
| 700 | |a Atria, Raúl |e (coordinación) | ||
| 910 | |a Fondo General | ||
| 920 | |a Impresos - Libros | ||
| 930 | |a Colección General | ||
| 905 | |a 101 | ||
| 901 | |a 0500092546 |b IT1 |c ACC |u 20250521 | ||
| 902 | |a https://opac.biblio.iteso.mx/vufind/Record/000161055 | ||